000 01059nam a2200301 i 4500
001 000048657
003 DO-SdBNP
005 20250714135514.0
007 ta
008 190405s2016 dr 000 0 spa d
020 _a9789945454529
040 _aDO-SdBNP
_bspa
_cBNPHU
_erda
041 1 7 _aspa
082 4 _axxx
_bF316t
_222
100 1 _aFéliz, Welnel Darío,
_eautor
_4aut.
_976103
245 1 0 _aTécnicas legislativas :
_ben la República Dominicana /
_cWelnel Darío Féliz ; prólogo, Alfredo Urbáez Ferrer.
264 4 _aSanto Domingo, República Dominicana :
_bEditora Manatí,
_c©2016.
300 _a189 páginas ;
_c23 cm.
336 _atexto
_btxt
_2rdacontent
337 _asin mediación
_bn
_2rdamedia
338 _avolumen
_bnc
_2rdacarrier
500 _aIncluye notas a pie de página
500 _aIncluye datos biográficos del autor en la solapa de la cubierta.
504 _aBibliografía: páginas 183-189
590 _aInventariado, 2019/ YL
700 1 _aUrbáez Ferrer, Alfredo,
_eprologuista
_4pr.
_976104
942 _2ddc
_cLBS1
999 _c48145
_d48145